| 000 | 01127pam a2200325 a 4500 | ||
|---|---|---|---|
| 008 | |||
| 020 | _a0879691301 | ||
| 049 | _aMAIN | ||
| 090 |
_aQH434 _bDAV |
||
| 100 | 1 | _aDavis, Ronald W. | |
| 245 | 1 | 0 |
_aAdvanced bacterial genetics / _cRonald W. Davis, David Botstein, John R. Roth. |
| 260 |
_aCold Spring Harbor, N.Y. : _bCold Spring Harbor Laboratory, _c1980 _g(1981 printing) |
||
| 300 |
_ax, 254 p. : _bill. ; _c28 cm. |
||
| 440 | 2 | _aA Manual for genetic engineering | |
| 504 | _aIncludes bibliographies. | ||
| 650 | 0 |
_aBacterial genetics _xLaboratory manuals. |
|
| 650 | 0 |
_aBacterial genetics _xExperiments. |
|
| 650 | 0 |
_aGenetic engineering _xLaboratory manuals. |
|
| 650 | 0 |
_aGenetic engineering _xExperiments. |
|
| 650 | 2 |
_aGenetic Engineering _vlaboratory manuals. |
|
| 650 | 2 |
_aGenetics, Microbial _vlaboratory manuals. |
|
| 700 | 1 | _aBotstein, David. | |
| 700 | 1 | _aRoth, John R. | |
| 710 | 2 | _aCold Spring Harbor Laboratory. | |
| 907 |
_a.b10013799 _b23-04-12 _c17-04-03 |
||
| 003 | |||
| 005 | 20230123125000.0 | ||
| 040 | _cNUST | ||
| 942 |
_cBOOKS _kQH434 _mDAV |
||
| 999 |
_c133646 _d133646 |
||